000
00256nam a2200097Ia 4500
008
230907s9999||||xx |||||||||||||| ||und||
082
_a
341.2
_b
INT
245
0
_a
International organization and global governance /
300
_a
xxv, 700 pages :
942
_c
BK
999
_c
600150
_d
600150